[Event "Ardennes-ch 0102"]
[Site "Ardennes"]
[Date "2001.??.??"]
[Round "?"]
[White "Chartogne, Ludovic"]
[Black "Louis, Vincent"]
[Result "1-0"]
[WhiteElo "1510"]
[BlackElo "1510"]
[PlyCount "84"]
[EventDate "2001.??.??"]
[EventType "swiss"]
[EventRounds "9"]
[EventCountry "FRA"]
[SourceTitle "EXT 2008"]
[Source "ChessBase"]
[SourceDate "2007.11.25"]
[SourceVersion "1"]
[SourceVersionDate "2007.11.25"]
[SourceQuality "1"]

1. e4 e5 2. Nf3 Nc6 3. Bc4 Bc5 4. d3 Nf6 5. Nc3 h6 6. 0-0 a6 7. Be3 Bxe3 8. fxe3 Ng4 9. Qe2 d6 10. d4 0-0 11. Rad1 Qe7 12. a3 Na5 13. Bd3 b5 14. Qd2 c6 15. Be2 Ra7 16. Rb1 Rc7 17. b3 Nb7 18. b4 Be6 19. d5 Bd7 20. a4 c5 21. axb5 axb5 22. Nxb5 Bxb5 23. Bxb5 cxb4 24. Rxb4 Nc5 25. Bc6 Ra7 26. Re1 Qf6 27. h3 Qg6 28. hxg4 Nxe4 29. Qd3 Qxg4 30. Rxe4 Qg3 31. Ra4 Re7 32. Qe2 e4 33. Nd2 f5 34. Nf1 Qg5 35. Ra8 f4 36. Rxf8+ Kxf8 37. exf4 Qxf4 38. Qf2 Qxf2+ 39. Kxf2 Rf7+ 40. Kg1 Rf4 41. Ng3 g5 42. Nxe4 g4 1-0